000 00504nam a2200181Ia 4500
005 20250508152010.0
008 008 250505s9999 xx 000 0 eng d
037 _aReference
040 _aFEDL
_beng
_cFEDL
041 _aeng
_2eng
084 _a301.15, SHE
_qFEDL
100 _aSherif Muzafer
245 0 _aOutline of social psychology
260 _aNew York, USA
_bHarper and Brothers Publisher
_c1956
300 _a792p.
942 _cREF
_h301.15, SHE
999 _c1333482
_d1333482